00873aab a2200205 i 4500001001000000003001000010005001700020008004100037040001900078041000800097100004200105245011300147300007800260520015400338650001800492653001400510773011800524942000800642999001700650768714001CO-MdFUSB20240618062715.0240416t1983 ag ||||| |||| 00| 0 spa d bspacCO-MdFUSB aspa1 aMárquez de Campanelli, Martaeautor1 aFe y vida : bimplantando señales del reino de Dios en la comunidad localc/ Marta Márquez de Campanelli aVolumen 2, número 2, (abril - junio, 1983), páginas: 18 - 20c; 27 cm aMenciona que la obra de extensión misionera de la Iglesia Evangélica Bautista de La Lucila, inició su servicio en la comunidad de San Fernando. 0aMisiones9154 aFe y Vida0 tIglesia y Misión049402959626gVolumen 2, número 2, (abril - junio, 1983), páginas: 18 - 20qpágina: 18  cANA c51369d51369